000 00655nam a2200193 a 4500
001 000039748
005 20201002033719.0
008 130718s2011 ug 000 0 spa d
020 _a9789974106291
040 _aDO-SdBNP
_bspa
_cBNPHU
245 0 _aHistoria regional e independencia del Uruguay :
_bproceso histórico y revisión crítica de sus relatos /
_cCoordinadora Ana Frega.
260 _aMontevideo :
_bBanada Oriental,
_c2011.
300 _a270 p. ;
_c25 cm.
490 1 _aBicentenario
500 _aIncluye notas al pie de las páginas
504 _aBibliografía : p. 251-266
700 1 _aFrega, Ana
_965940
800 0 _aBicentenario
_965941
999 _c39238
_d39238